Ajuste por inflación impositivo (Registro nro. 20228)

Detalles MARC
000 -LEADER
fixed length control field 00342 a2200121 4500
001 - CONTROL NUMBER
control field ART_48868
005 - DATE AND TIME OF LATEST TRANSACTION
control field 20260410161757.0
008 - FIXED-LENGTH DATA ELEMENTS--GENERAL INFORMATION
fixed length control field 260409a
100 1# - MAIN ENTRY--PERSONAL NAME
Personal name Volman, Mario
245 10 - TITLE STATEMENT
Title Ajuste por inflación impositivo
700 1# - ADDED ENTRY--PERSONAL NAME
Personal name García, Fernando D.
773 0# - HOST ITEM ENTRY
Title Doctrina tributaria
Related parts - N°470 (mayo 2019)
Record control number REV4296

No hay ítems disponibles.